Niwadak Moropant (Record no. 349422)

MARC details
000 -LEADER
fixed length control field 003960000a22001690004500
005 - DATE AND TIME OF LATEST TRANSACTION
control field 20120302055813.0
040 ## - CATALOGING SOURCE
Original cataloging agency MAR
245 ## - TITLE STATEMENT
Title Niwadak Moropant
260 ## - PUBLICATION, DISTRIBUTION, ETC. (IMPRINT)
Place of publication, distribution, etc Dadar:Kaalnirnaya Saanskrutika Prakaashan,1994.
300 ## - PHYSICAL DESCRIPTION
Extent 78p.
365 ## - TRADE PRICE
Price amount 5/-
650 ## - SUBJECT ADDED ENTRY--TOPICAL TERM
Topical term or geographic name as entry element Maraathi Saahitya
650 ## - SUBJECT ADDED ENTRY--TOPICAL TERM
Topical term or geographic name as entry element Kaavya-Moropant
650 ## - SUBJECT ADDED ENTRY--TOPICAL TERM
Topical term or geographic name as entry element Kekaawalee-Aaryaa
650 ## - SUBJECT ADDED ENTRY--TOPICAL TERM
Topical term or geographic name as entry element Sputha Kaavya
942 ## - ADDED ENTRY ELEMENTS (KOHA)
Koha item type Book
Holdings
Withdrawn status Lost status Damaged status Not for loan Home library Current library Date acquired Total Checkouts Barcode Date last seen Price effective from
        Institute For Oriental Study, Thane Institute For Oriental Study, Thane 12/02/2009   IOS-14110 12/02/2009 12/02/2009